=LDR 00000nam 2200000 4500 =001 INLIS000000000013784 =005 20250421120413 =035 ##$$a 0010-061300000013784 =008 250421################g##########0#ind## =041 ##$$a Ind =082 ##$$a F Rom K =090 ##$$a F Rom K, Per p =245 ##$$a Perjalanan Gulliver di negeri orang kerdil, kumpulan dongeng, Editor, Indira Soetrisno /$c Editor, Indira Soetrisno =260 ##$$a Jakarta :$b Progress,$c 2003 =300 ##$$a 128 hlm, : $b ilus ; $c 20 x 13 cm =650 #4$$a Fiksi kanak-kanak =700 #$$a Sutrisno, Indira =850 ##$$a NBPNMAT =084 ##$$a F Rom K PER =990 ##$$a 04740474 =990 ##$$a 20403851